000 00598nam a22001937a 4500
005 20250307153443.0
010 _aENG-143991
020 _c200.00
035 _aEN-127523
037 _aDBAD
082 _a368.32
100 _aJain, Anuradha
_979416
245 _aPractice of Life Insurance/
_cby Anuradha Jain [and] Saumya Chaturvedi
260 _aNew Delhi
_bMayur Books
_c2021
270 _a4226/1, Ansari Road, Daryaganj
_bNew Delhi
_e110002
_k-
_l-
_m-
300 _a226p.:
_bill.
_c24cm(Hb)
700 _aChaturvedi, Saumya
_eAuthor
_979417
942 _2ddc
_cEN
_h368.32
_mJAI
999 _c210177
_d210177